000 00784nam a2200217Ii 4500
003 JO-AjNU
008 230605s9999||||xx |||||||||||||| ||und||
017 _a2007/5/1430
040 _aJO-AjNU
_bara
_erda
_cJO-AjNU
041 _aara
050 1 4 _aHF5437.U22.2010
100 3 _aعبيدات،سليمان خالد/مصطفى نجيب شاويش,
_eauthor
_927771
245 0 0 _aادارة المواد الشراء والتخزين=Materials Management Procurement &Storage
250 _aط3
264 3 1 _aعمان:دار المسيرة للنشر والتوزيع؛2010
300 _a238ص
336 _atext
_btxt
_2rdacontent
337 _aunmediated
_bn
_2rdamedia
338 _avolume
_bnc
_2rdacarrier
650 4 _aادارة المواد -ادارة الانتاج
_927772
999 _aA10692
_c14260
_d14260